Načítá se...
India's foreign policy and subcontinental politics
| Hlavní autor: | |
|---|---|
| Médium: | Printed Book |
| Jazyk: | Undetermined |
| Vydáno: |
New Delhi
Kanishka publishing house
1999
|
| LEADER | 00556nam a2200145Ia 4500 | ||
|---|---|---|---|
| 008 | 161229s9999 xx 000 0 und d | ||
| 020 | |a 817391298x | ||
| 082 | |a 337 VAN/IN | ||
| 100 | |a Vandana Asthana | ||
| 245 | |a India's foreign policy and subcontinental politics | ||
| 260 | |b Kanishka publishing house |a New Delhi |c 1999 | ||
| 300 | |a 352 | ||
| 942 | |c BK | ||
| 999 | |c 150318 |d 150318 | ||
| 952 | |0 0 |1 0 |4 0 |6 337_000000000000000_VANIN |7 0 |9 149360 |a KAUCLV |b KAUCLV |d 2016-12-29 |g 650.00 |o 337 VAN/IN |p 901627 |r 2016-12-29 |w 2016-12-29 |y BK |z Book transferred from CCBM Library ,Acc.No:8834 | ||